| 000 | 00000nes 2200000za 4500 |
| 001 | 9.506260 |
| 003 | CaOODSP |
| 005 | 20251023165633 |
| 006 | s|| m f0 | |
| 006 | m go c f |
| 007 | cr c|||||||||| |
| 007 | aj ||||| |
| 008 | 150406c20119999onc|||||||b fo | ||eng|d |
| 040 | |aCaOODSP|beng |
| 043 | |an-cn--- |
| 086 | 1 |aM183-1E-PDF |
| 245 | 00|aCanadian geoscience map. |
| 260 | |aOttawa : |bGeological Survey of Canada, |c2011- |
| 310 | |aIrregular |
| 362 | 1 |aMap 1, 2011- |
| 650 | 0|aGeological mapping|zCanada. |
| 650 | 6|aCartographie géologique|zCanada. |
| 655 | 7|aGeological maps|2lcgft |
| 655 | 7|aCartes géologiques|2rvmgf |
| 710 | 2 |aGeological Survey of Canada. |
| 775 | 08|t[Canadian geoscience map] |w(CaOODSP)9.512575 |
| 775 | 08|tCanadian geoscience maps |w(CaOODSP)9.819372 |